Medical Surgical Nursing: (Record no. 257835)
[ view plain ]
| 000 -LEADER | |
|---|---|
| fixed length control field | 00498nam a22001817a 4500 |
| 003 - CONTROL NUMBER IDENTIFIER | |
| control field | OSt |
| 005 - DATE AND TIME OF LATEST TRANSACTION | |
| control field | 20250109111319.0 |
| 008 - FIXED-LENGTH DATA ELEMENTS--GENERAL INFORMATION | |
| fixed length control field | 191007b xxu||||| |||| 00| 0 eng d |
| 020 ## - INTERNATIONAL STANDARD BOOK NUMBER | |
| International Standard Book Number | 9781416032236 |
| International Standard Book Number | 1416032231 |
| 040 ## - CATALOGING SOURCE | |
| Transcribing agency | RU |
| Original cataloging agency | DLC |
| Language of cataloging | eng |
| Modifying agency | RU |
| Description conventions | rda |
| 100 ## - MAIN ENTRY--PERSONAL NAME | |
| Personal name | Susan C. deWit |
| 245 ## - TITLE STATEMENT | |
| Title | Medical Surgical Nursing: |
| Remainder of title | Concepts & Practice |
| 250 ## - EDITION STATEMENT | |
| Edition statement | 1st edition |
| 260 ## - PUBLICATION, DISTRIBUTION, ETC. (IMPRINT) | |
| Place of publication, distribution, etc | USA |
| Name of publisher, distributor, etc | Saunders; |
| Date of publication, distribution, etc | 2008 |
| 300 ## - PHYSICAL DESCRIPTION | |
| Extent | 1312 pages |
| Dimensions | 9 x 1.75 x 11.25 inches |
| 942 ## - ADDED ENTRY ELEMENTS (KOHA) | |
| Source of classification or shelving scheme | Library of Congress Classification |
| Koha item type | Long Loan Books |
| Withdrawn status | Lost status | Source of classification or shelving scheme | Damaged status | Not for loan | Collection code | Home library | Current library | Shelving location | Date acquired | Total Checkouts | Full call number | Barcode | Date last seen | Price effective from | Koha item type | Date checked out |
|---|---|---|---|---|---|---|---|---|---|---|---|---|---|---|---|---|
| Library of Congress Classification | Non-fiction | Rongo University Library | Rongo University Library | General Stacks | 22/02/2017 | RT41 .D49 2009 | 201613494 | 22/02/2017 | 22/02/2017 | Long Loan Books | ||||||
| Library of Congress Classification | Non-fiction | Rongo University Library | Rongo University Library | General Stacks | 24/02/2017 | RT41 .D49 2009 | 201613451 | 24/02/2017 | 24/02/2017 | Long Loan Books | ||||||
| Library of Congress Classification | Non-fiction | Rongo University Library | Rongo University Library | General Stacks | 28/03/2017 | RT41.D49 2009 | 201700120 | 28/03/2017 | 28/03/2017 | Long Loan Books | ||||||
| Library of Congress Classification | Non-fiction | Rongo University Library | Rongo University Library | General Stacks | 28/03/2017 | RT41 .D49 2009 | 201614902 | 28/03/2017 | 28/03/2017 | Long Loan Books | ||||||
| Library of Congress Classification | Non-fiction | Rongo University Library | Rongo University Library | General Stacks | 28/03/2017 | RT41 .D49 2009 | 201614901 | 28/03/2017 | 28/03/2017 | Long Loan Books | ||||||
| Library of Congress Classification | Non-fiction | Rongo University Library | Rongo University Library | General Stacks | 28/03/2017 | RT41 .D49 2009 | 201615116 | 28/03/2017 | 28/03/2017 | Long Loan Books | ||||||
| Library of Congress Classification | Non-fiction | Rongo University Library | Rongo University Library | General Stacks | 05/06/2017 | 2 | RT41 .D49 2009 | 201614904 | 01/02/2024 | 05/06/2017 | Long Loan Books | 01/02/2024 | ||||
| Library of Congress Classification | Non-fiction | Rongo University Library | Rongo University Library | General Stacks | 20/06/2018 | 2 | RT41 .D49 2009 | 201614906 | 13/05/2019 | 20/06/2018 | Long Loan Books | 13/05/2019 | ||||
| Library of Congress Classification | Non-fiction | Rongo University Library | Rongo University Library | General Stacks | 05/09/2019 | RT41 .D49 2009 | 20168751 | 05/09/2019 | 05/09/2019 | Long Loan Books | ||||||
| Library of Congress Classification | Non-fiction | Rongo University Library | Rongo University Library | General Stacks | 07/10/2019 | RT41.D49 2009 | 201613462 | 07/10/2019 | 07/10/2019 | Long Loan Books | ||||||
| Library of Congress Classification | Non-fiction | Rongo University Library | Rongo University Library | General Stacks | 07/10/2019 | RT41.D49 2009 | 201613463 | 07/10/2019 | 07/10/2019 | Long Loan Books | ||||||
| Library of Congress Classification | Non-fiction | Rongo University Library | Rongo University Library | General Stacks | 08/10/2019 | RT41.D49 2009 | 20156842 | 08/10/2019 | 08/10/2019 | Long Loan Books | ||||||
| Library of Congress Classification | Non-fiction | Rongo University Library | Rongo University Library | General Stacks | 15/10/2019 | RT41.D49 2009 | 20156844 | 15/10/2019 | 15/10/2019 | Long Loan Books | ||||||
| Library of Congress Classification | Non-fiction | Rongo University Library | Rongo University Library | General Stacks | 12/02/2020 | RT41.D49 2009 | 2019011942 | 12/02/2020 | 12/02/2020 | Long Loan Books | ||||||
| Library of Congress Classification | Non-fiction | Rongo University Library | Rongo University Library | General Stacks | 12/02/2020 | RT41.D49 2009 | 201613094 | 12/02/2020 | 12/02/2020 | Long Loan Books | ||||||
| Library of Congress Classification | Non-fiction | Rongo University Library | Rongo University Library | General Stacks | 12/02/2020 | RT41.D49 2009 | 201613097 | 12/02/2020 | 12/02/2020 | Long Loan Books | ||||||
| Library of Congress Classification | Non-fiction | Rongo University Library | Rongo University Library | General Stacks | 12/02/2020 | RT41.D49 2009 | 201613093 | 12/02/2020 | 12/02/2020 | Long Loan Books | ||||||
| Library of Congress Classification | Non-fiction | Rongo University Library | Rongo University Library | General Stacks | 13/02/2020 | RT41.D49 2009 | 201613115 | 13/02/2020 | 13/02/2020 | Long Loan Books | ||||||
| Library of Congress Classification | Non-fiction | Rongo University Library | Rongo University Library | General Stacks | 13/02/2020 | RT41.D49 2009 | 201613117 | 13/02/2020 | 13/02/2020 | Long Loan Books | ||||||
| Library of Congress Classification | Non-fiction | Rongo University Library | Rongo University Library | General Stacks | 13/02/2020 | RT41.D49 2009 | 201613116 | 13/02/2020 | 13/02/2020 | Long Loan Books | ||||||
| Library of Congress Classification | Non-fiction | Rongo University Library | Rongo University Library | General Stacks | 17/02/2020 | RT41.D49 2009 | 201613096 | 17/02/2020 | 17/02/2020 | Long Loan Books | ||||||
| Library of Congress Classification | Non-fiction | Rongo University Library | Rongo University Library | General Stacks | 25/02/2020 | RT41.D49 2009 | 201613118 | 25/02/2020 | 25/02/2020 | Long Loan Books | ||||||
| Library of Congress Classification | Non-fiction | Rongo University Library | Rongo University Library | General Stacks | 05/06/2020 | RT41.D49 2009 | 201901513 | 05/06/2020 | 05/06/2020 | Long Loan Books | ||||||
| Library of Congress Classification | Non-fiction | Rongo University Library | Rongo University Library | General Stacks | 09/06/2020 | RT41.D49 2009 | 20156580 | 09/06/2020 | 09/06/2020 | Long Loan Books | ||||||
| Library of Congress Classification | Non-fiction | Rongo University Library | Rongo University Library | General Stacks | 15/06/2020 | RT41 .D49 2009 | 20156677 | 15/06/2020 | 15/06/2020 | Long Loan Books | ||||||
| Library of Congress Classification | Non-fiction | Rongo University Library | Rongo University Library | General Stacks | 25/06/2020 | RT41D49 2009 | 20156585 | 25/06/2020 | 25/06/2020 | Long Loan Books |
